00489cam a22001337a 4500008004000000082001800040100002000058245008200078260004500160300001000205650003000215999001900245952009100264180718b1992 xxu||||| |||| 00| 0 eng d aB136x54 Sa82h aSatapathy, K.M. aA handbook of IRDP: planning, monitoring and co-ordinationcby K.M. Satapathy aBhubaneswarbSatapathy and Partnerc1992 a139p. aRural development - India c475483d475483 00104070aIIPAbIIPAd2018-08-04oB136x54 Sa82hpGR12677r2018-08-04w2018-08-04yGR